000 00558nam a2200277Ia 4500
005 20260401122100.0
008 008 250103s9999 xx 000 0 eng d
020 _a99224917
037 _aTB
040 _aEDL
040 _beng
040 _cEDL
041 _2eng
041 _aeng
084 _a840 SON
084 _qEDL
245 0 _aRoland Barthes Reader
260 _aLondon
260 _bVintage
260 _c2000
300 _a495p
942 _cTB
942 _h840 SON
999 _c1844795
_d1844795